[Event "Jam Bushehr Sepehrmanesh Memorial"]
[Site "Jam Bushehr"]
[Date "2018.04.19"]
[Round "6.6"]
[White "Kashef, Mohsen"]
[Black "Sharifi, Mehdi"]
[Result "1-0"]
[WhiteElo "1664"]
[BlackElo "1603"]
[PlyCount "151"]
[EventDate "2018.04.12"]
[EventType "swiss"]
[EventRounds "9"]
[EventCountry "IRI"]
[SourceTitle "EXT 2024"]
[Source "ChessBase"]
[SourceDate "2023.10.10"]
[SourceVersion "1"]
[SourceVersionDate "2023.10.10"]
[SourceQuality "1"]

1. e4 c5 2. Nf3 d6 3. Bc4 e6 4. c3 Nc6 5. d4 cxd4 6. Nxd4 a6 7. Be3 Nf6 8. f3 Be7 9. Nd2 Qc7 10. Bb3 0-0 11. 0-0 b5 12. Qe2 Na5 13. Bc2 d5 14. exd5 Nxd5 15. Qd3 f5 16. Bf2 Nf4 17. Qe3 Nd5 18. Qe2 Nf4 19. Qe1 e5 20. N4b3 Nxb3 21. axb3 Bb7 22. b4 Bd5 23. Bb3 Bxb3 24. Nxb3 Nd3 25. Qb1 Nxf2 26. Rxf2 Bd6 27. h3 Qe7 28. Rd2 e4 29. Qd1 Bf4 30. Rd7 Qg5 31. fxe4 fxe4 32. Qd5+ Qxd5 33. Rxd5 Bg3 34. Rf1 Rxf1+ 35. Kxf1 Rf8+ 36. Kg1 Rf2 37. Rd2 Rf6 38. Re2 e3 39. Nc5 Bf2+ 40. Kh2 Kf7 41. g3 Rf5 42. Kg2 Rd5 43. Ne4 Re5 44. Nxf2 Rd5 45. Rxe3 Rd2 46. Kf3 Rxb2 47. Nd3 Ra2 48. Nc5 a5 49. bxa5 Rxa5 50. Ke2 Ra3 51. Rd3 Ra2+ 52. Ke3 Rh2 53. h4 Rb2 54. Rd7+ Kg6 55. Na6 Rc2 56. Rd3 Rg2 57. Kf3 Rb2 58. Nb4 Rb3 59. g4 Kf6 60. Kf4 h6 61. Rd6+ Kf7 62. Rc6 Rb1 63. h5 Rf1+ 64. Ke4 Rg1 65. Rg6 Rd1 66. Nd3 Ra1 67. Nc5 Rd1 68. Nb7 Rd7 69. Nd6+ Kf8 70. Nxb5 Rd1 71. c4 Rd7 72. c5 Ke8 73. c6 Re7+ 74. Kd5 Kd8 75. c7+ Kd7 76. Rd6+ 1-0

[Event "Jam Bushehr Sepehrmanesh Memorial"]
[Site "Jam Bushehr"]
[Date "2018.04.13"]
[Round "4.4"]
[White "Hosseini Esfid, Seyyed Hossein"]
[Black "Kashef, Mohsen"]
[Result "1/2-1/2"]
[WhiteElo "1571"]
[BlackElo "1664"]
[PlyCount "117"]
[EventDate "2018.04.12"]
[EventType "swiss"]
[EventRounds "9"]
[EventCountry "IRI"]
[SourceTitle "EXT 2024"]
[Source "ChessBase"]
[SourceDate "2023.10.10"]
[SourceVersion "1"]
[SourceVersionDate "2023.10.10"]
[SourceQuality "1"]

1. e4 d5 2. exd5 Nf6 3. d4 Nxd5 4. c4 Nf6 5. Nf3 c6 6. Nc3 Bg4 7. Be2 e6 8. 0-0 Be7 9. Bf4 Bd6 10. Ne5 Bxe2 11. Qxe2 0-0 12. Rad1 Qc7 13. c5 Bxe5 14. Bxe5 Qd8 15. Rd3 Nbd7 16. Rfd1 Nxe5 17. Qxe5 Qe7 18. Rg3 g6 19. h4 h5 20. Qg5 Kh7 21. Re1 Nd5 22. Nxd5 Qxg5 23. hxg5 cxd5 24. b4 Kg7 25. a4 Rfc8 26. b5 a6 27. b6 Rc6 28. Rge3 Rd8 29. Re5 Kf8 30. Kh2 Ke7 31. Kg3 Kd7 32. Kf4 Rf8 33. f3 Rcc8 34. R5e3 Rh8 35. Ke5 Ke7 36. Kf4 Rcf8 37. Re5 Kd7 38. Kg3 Rh7 39. R5e3 Rfh8 40. Rh1 Rf8 41. Rc3 f6 42. gxf6 Rhf7 43. Rhc1 Kc6 44. Re3 Rxf6 45. Rce1 Kd7 46. Re5 R8f7 47. R1e3 Re7 48. Rc3 Rh7 49. Rce3 Re7 50. Re1 Rg7 51. Rh1 Rg8 52. Rhe1 g5 53. R1e3 Rgg6 54. Rd3 Rg7 55. Rd2 Rfg6 56. Rde2 Rf7 57. R2e3 Rff6 58. Re2 Rg7 59. R2e3 1/2-1/2

[Event "Jam Bushehr Sepehrmanesh Memorial"]
[Site "Jam Bushehr"]
[Date "2018.04.11"]
[Round "1.5"]
[White "Kalantari, Soudabeh"]
[Black "Kashef, Mohsen"]
[Result "0-1"]
[WhiteElo "1158"]
[BlackElo "1664"]
[PlyCount "136"]
[EventDate "2018.04.12"]
[EventType "swiss"]
[EventRounds "9"]
[EventCountry "IRI"]
[SourceTitle "EXT 2024"]
[Source "ChessBase"]
[SourceDate "2023.10.10"]
[SourceVersion "1"]
[SourceVersionDate "2023.10.10"]
[SourceQuality "1"]

1. d4 Nf6 2. Bf4 g6 3. e3 d6 4. h3 Bg7 5. Nf3 c5 6. c3 Qb6 7. Qb3 0-0 8. Nbd2 Nbd7 9. Nc4 Qxb3 10. axb3 Nd5 11. Bh2 N7b6 12. Be2 Bd7 13. Na5 cxd4 14. exd4 Bc6 15. 0-0 Nf6 16. Nxc6 bxc6 17. Ra2 Rfb8 18. Nd2 Bh6 19. Nc4 Nxc4 20. bxc4 Rb6 21. c5 dxc5 22. dxc5 Rb3 23. Bc4 Rb7 24. b4 e6 25. Be5 Bg7 26. Be2 Nd5 27. Bxg7 Kxg7 28. Ra3 f5 29. Rb1 Kf6 30. b5 cxb5 31. Rxb5 Rxb5 32. Bxb5 a6 33. Bc6 Rc8 34. Bxd5 exd5 35. Rxa6+ Ke5 36. c6 Kd6 37. Kf1 Rc7 38. f4 Kc5 39. Ke2 Kb5 40. Ra8 Kxc6 41. Kd3 Kc5 42. Ra5+ Kd6 43. Kd4 Rc4+ 44. Ke3 Rxc3+ 45. Kd2 Rg3 46. Ra6+ Kc5 47. Ke2 Rxg2+ 48. Kf3 Rb2 49. Ra7 Rb3+ 50. Kg2 h6 51. Rg7 Rb6 52. h4 h5 53. Rc7+ Kd4 54. Kf3 Re6 55. Rg7 Kd3 56. Ra7 Rc6 57. Re7 d4 58. Re2 Kc3 59. Re1 Kc2 60. Re2+ Kd1 61. Rg2 Rc3+ 62. Kf2 Rc2+ 63. Kf3 Rxg2 64. Kxg2 Ke2 65. Kg3 d3 66. Kh2 d2 67. Kg2 d1Q 68. Kh2 Kf2 0-1